| 000 | 00524nam a2200193Ia 4500 | ||
|---|---|---|---|
| 003 | GCL | ||
| 008 | 140319s9999 xx 000 0 eng d | ||
| 040 |
_aGCL / _cGCL |
||
| 082 | 0 | 4 |
_a658.401 _bB M |
| 100 | 1 | _aBERRY, ANTHONY J. | |
| 245 | 1 | 0 |
_aMANAGEMENT CONTROL: THEORIES ISSUES AND PRACTICES / _cBERRY, ANTHONY J. |
| 700 | 1 | _aOTLEY, DAVID | |
| 260 |
_a[S.N] : _bMACMILLAN ، _c1995 |
||
| 300 | _a362 P | ||
| 650 | 0 | 4 | _aMANAGEMENT |
| 650 | 0 | 4 | _aORGANIZATIONAL CONTROL |
| 650 | 0 | 4 | _aTHEORY - RELIGION |
| 942 |
_2ddc _cBK |
||
| 999 |
_c24790 _d24790 |
||